[Event "Guernsey Open"]
[Site "Guernsey"]
[Date "2010.10.21"]
[Round "5"]
[White "Goater, Kevin"]
[Black "Hoare, Amy"]
[Result "1/2-1/2"]
[WhiteElo "2154"]
[BlackElo "1920"]
[PlyCount "128"]
[EventDate "2010.10.17"]
[SourceDate "2010.10.30"]

1. d4 d5 2. Nf3 Nf6 3. e3 e6 4. Bd3 Be7 5. O-O c5 6. b3 Nbd7 7. Bb2 b6 8. Nbd2
Bb7 9. Ne5 cxd4 10. exd4 Nxe5 11. dxe5 Nd7 12. f4 Bc5+ 13. Kh1 Qc7 14. Qe2
O-O-O 15. a3 Kb8 16. b4 Be7 17. Rac1 Ka8 18. Rfd1 Nf8 19. c4 Qb8 20. c5 bxc5
21. bxc5 Rc8 22. Bd4 Ng6 23. g3 Qc7 24. Nb3 Bc6 25. Bb5 Bd8 26. a4 Rb8 27. Rc3
Ne7 28. Kg1 Qd7 29. Bxc6+ Nxc6 30. Ra1 Rb4 31. Qd3 Be7 32. a5 Rhb8 33. a6 Bd8
34. Rd1 Qc8 35. Bf2 Qd7 36. Nd4 Nxd4 37. Bxd4 Qc6 38. Qxh7 Qxa6 39. Qd3 Qxd3
40. Rcxd3 Rc4 41. Ra3 a5 42. h4 Rb5 43. Be3 Kb7 44. h5 Ka6 45. g4 Be7 46. g5
Bxc5 47. Bxc5 Rbxc5 48. Rf1 Rc3 49. Rxc3 Rxc3 50. Kg2 a4 51. h6 gxh6 52. gxh6
Rc8 53. f5 Rg8+ 54. Kf3 Rh8 55. Rh1 a3 56. Kf4 a2 57. fxe6 Rxh6 58. Rxh6 a1=Q
59. exf7+ Kb7 60. Rf6 Qd4+ 61. Kf5 Qe4+ 62. Ke6 Qg4+ 63. Kxd5 Qd7+ 64. Ke4 Qg4+
1/2-1/2

[Event "Guernsey Open"]
[Site "Guernsey"]
[Date "2010.10.21"]
[Round "5"]
[White "Ippel, Cornelius J"]
[Black "Taylor, Mark V"]
[Result "0-1"]
[WhiteElo "1996"]
[BlackElo "2128"]
[PlyCount "56"]
[EventDate "2010.10.17"]
[SourceDate "2010.10.30"]

1. e4 e6 2. d4 d5 3. exd5 exd5 4. Nf3 Nc6 5. Be2 Bd6 6. O-O Nge7 7. Bg5 f6 8.
Bh4 Bf5 9. a3 Qd7 10. Bg3 O-O-O 11. b4 Ng6 12. Nc3 h5 13. Bd3 Nce7 14. Nb5 Bxg3
15. fxg3 a6 16. Nc3 h4 17. b5 axb5 18. Nxb5 c6 19. Nc3 hxg3 20. hxg3 Qd6 21.
Ne2 Qe6 22. Kf2 Rde8 23. Qd2 Be4 24. Rae1 Qg4 25. Rh1 Nf5 26. c3 Nd6 27. Nh4
Nxh4 28. gxh4 Qxg2+ 0-1

[Event "Guernsey Open"]
[Site "Guernsey"]
[Date "2010.10.21"]
[Round "5"]
[White "Burton, Ronnie"]
[Black "Paardekam, Rene"]
[Result "1/2-1/2"]
[WhiteElo "2015"]
[BlackElo "2090"]
[PlyCount "58"]
[EventDate "2010.10.17"]
[SourceDate "2010.10.30"]

1. d4 d5 2. Nf3 c6 3. e3 Nf6 4. Bd3 Bg4 5. h3 Bh5 6. Nbd2 Nbd7 7. c4 e6 8. b3
Bb4 9. Qc2 Rc8 10. O-O O-O 11. Bb2 Re8 12. Ne5 c5 13. Nxd7 Qxd7 14. dxc5 dxc4
15. Nxc4 Red8 16. Ne5 Qd5 17. Bd4 Bxc5 18. Rac1 Bxd4 19. Qxc8 Bxe5 20. Bb1 Rf8
21. g4 Bg6 22. Bxg6 hxg6 23. Qc5 Qxc5 24. Rxc5 Bd6 25. Rc4 Nd5 26. Rd1 Bb8 27.
Rdc1 {(=)} Nb6 28. R4c2 Kh7 29. a4 Nd5 1/2-1/2

[Event "Guernsey Open"]
[Site "Guernsey"]
[Date "2010.10.21"]
[Round "5"]
[White "Westerkamp, Bert"]
[Black "Lenier, Jude"]
[Result "0-1"]
[WhiteElo "2063"]
[BlackElo "1963"]
[PlyCount "82"]
[EventDate "2010.10.17"]
[SourceDate "2010.10.30"]

1. Nf3 Nf6 2. c4 e6 3. d4 c5 4. Nc3 a6 5. g3 d5 6. cxd5 exd5 7. Bg2 Nc6 8. O-O
Be6 9. Bg5 Be7 10. Rc1 O-O 11. e3 Rc8 12. dxc5 Bxc5 13. Bxf6 Qxf6 14. Nxd5 Bxd5
15. Qxd5 Nb4 16. Qe5 Qb6 17. Rfd1 Nxa2 18. Rc4 Qb3 19. Qd5 Nb4 20. Rxb4 Qxd5
21. Rxd5 Bxb4 22. Rd7 b6 23. Nd4 Rfd8 24. Ra7 a5 25. Bb7 Rc7 26. Nc6 Rd1+ 27.
Kg2 Bf8 28. Nd4 g6 29. b3 Rdc1 30. Kf3 Re7 31. Nb5 Re5 32. Ba6 Rf5+ 33. Ke4
Rxf2 34. Nd4 Bc5 35. Bc4 Rf6 36. Ke5 Bxd4+ 37. exd4 Rf5+ 38. Kd6 Rd1 39. Kc6
Rxd4 40. Kxb6 Rd6+ 41. Kc7 Rdf6 0-1

[Event "Guernsey Open"]
[Site "Guernsey"]
[Date "2010.10.21"]
[Round "5"]
[White "Prins, Jan"]
[Black "Gravett, Alan D"]
[Result "0-1"]
[WhiteElo "2061"]
[BlackElo "1913"]
[PlyCount "80"]
[EventDate "2010.10.17"]
[SourceDate "2010.10.30"]

1. d4 Nf6 2. Nf3 e6 3. g3 d5 4. Bg2 c5 5. O-O Nc6 6. c3 a6 7. a4 Be7 8. dxc5
Bxc5 9. b4 Be7 10. Na3 Ne4 11. Bb2 Bf6 12. Qc1 Bd7 13. Nd2 Nd6 14. e4 dxe4 15.
Nxe4 Nxe4 16. Bxe4 Rc8 17. Nc4 O-O 18. Nd6 Rc7 19. b5 axb5 20. axb5 Nd4 21. Qb1
Nxb5 {(=)} 22. Nxb7 Qb8 23. Bxh7+ Kh8 24. Be4 Rxb7 25. Bxb7 Qxb7 26. c4 Nd4 27.
Bxd4 Qxb1 28. Raxb1 Bxd4 29. Rfc1 Bc6 30. c5 Rc8 31. Rb4 e5 32. h4 Ra8 33. Rb6
Bf3 34. Rb3 Bd5 35. Rd3 Be4 36. Rb3 Ra2 37. c6 Rxf2 38. c7 Rc2+ 39. Kf1 Rxc1+
40. Ke2 Rxc7 0-1

[Event "Guernsey Open"]
[Site "Guernsey"]
[Date "2010.10.21"]
[Round "5"]
[White "Fassaert, Desire"]
[Black "Van Ingen, Ton"]
[Result "1/2-1/2"]
[WhiteElo "1926"]
[BlackElo "2058"]
[PlyCount "35"]
[EventDate "2010.10.17"]
[SourceDate "2010.10.30"]

1. Nf3 f5 2. g3 Nf6 3. Bg2 g6 4. c4 d6 5. Nc3 Bg7 6. d3 O-O 7. O-O Na6 8. Rb1
c6 9. b4 Nc7 10. Qc2 d5 11. cxd5 Nfxd5 12. Nxd5 Nxd5 13. Qb3 Be6 14. Ng5 Qd7
15. Bb2 Nc7 16. Nxe6 Qxe6 17. Qxe6+ Nxe6 18. Bxg7 1/2-1/2

[Event "Guernsey Open"]
[Site "Guernsey"]
[Date "2010.10.21"]
[Round "5"]
[White "Morcom, Huw"]
[Black "Thurlow, Kevin J"]
[Result "1/2-1/2"]
[WhiteElo "1950"]
[BlackElo "2045"]
[PlyCount "61"]
[EventDate "2010.10.17"]
[SourceDate "2010.10.30"]

1. e4 c5 2. b4 cxb4 3. a3 e6 4. Bb2 Nc6 5. Nf3 Nf6 6. e5 Nd5 7. axb4 Bxb4 8. c4
Nf4 9. g3 Ng6 10. Bg2 b6 11. O-O Bb7 12. d4 Na5 13. Ra4 Be7 14. d5 Bc5 15. Nc3
O-O 16. Re1 Rc8 17. Bf1 f6 18. Ne4 fxe5 19. Nxc5 Rxc5 20. Ba3 d6 21. Bxc5 dxc5
22. Nxe5 Nxe5 23. Rxe5 exd5 24. cxd5 Nc6 25. Rh5 Nd4 26. Rxd4 cxd4 27. Qxd4 Qf6
28. Re5 Rd8 29. Bc4 Kh8 30. Qe4 Rf8 31. f4 1/2-1/2

[Event "Guernsey Open"]
[Site "Guernsey"]
[Date "2010.10.21"]
[Round "5"]
[White "Gibson, John"]
[Black "Spanton, Timothy R"]
[Result "0-1"]
[WhiteElo "1873"]
[BlackElo "2020"]
[PlyCount "92"]
[EventDate "2010.10.17"]
[SourceDate "2010.10.30"]

1. d4 d5 2. Nf3 Nc6 3. c3 Bg4 4. Nbd2 Nf6 5. h3 Bh5 6. e3 e6 7. Be2 Bd6 8. c4
O-O 9. c5 Be7 10. a3 a5 11. b3 Ne4 12. Nxe4 dxe4 13. Nd2 Bxe2 14. Qxe2 f5 15.
Nc4 f4 16. Qc2 fxe3 17. Bxe3 Qd5 18. Rd1 Bf6 19. Qc3 Rfd8 20. O-O Nxd4 21. Qe1
Qxc5 22. Nd2 Qxa3 23. Nxe4 e5 24. Nxf6+ gxf6 25. Bxd4 exd4 26. Qe6+ Kg7 27. Rd3
Qd6 28. Rg3+ Kh8 29. Qf5 Qe5 30. Qb1 Re8 31. Rg4 Re7 32. Qd1 Rd8 33. Qf3 c6 34.
Rf4 Re6 35. Rh4 d3 36. Rh5 Qe4 37. Qxe4 Rxe4 38. Rxa5 d2 39. Raa1 Rb4 40. Rab1
c5 41. Rfd1 c4 42. Rb2 c3 43. Rc2 Rxb3 44. Kf1 Re8 45. f3 b5 46. Kf2 b4 0-1

[Event "Guernsey Open"]
[Site "Guernsey"]
[Date "2010.10.21"]
[Round "5"]
[White "Kirby, Peter"]
[Black "Downey, Kevin"]
[Result "1/2-1/2"]
[WhiteElo "2031"]
[BlackElo "1997"]
[PlyCount "54"]
[EventDate "2010.10.17"]
[SourceDate "2010.10.30"]

1. e4 c5 2. Nf3 e6 3. c3 d5 4. exd5 Qxd5 5. d4 Nc6 6. Na3 cxd4 7. Nb5 Qd8 8.
Nfxd4 Bd7 9. Nxc6 Bxc6 10. Bf4 Qxd1+ 11. Rxd1 Rd8 12. Rxd8+ Kxd8 13. Nxa7 Bd5
14. a3 Bc5 15. Be3 Bxe3 16. fxe3 Ne7 17. Kf2 Ng6 18. c4 Be4 19. Nb5 Ke7 20. Nc3
Bc6 21. Be2 Ne5 22. Rd1 h5 23. h3 Rh6 24. b4 Rg6 25. g3 Rf6+ 26. Kg1 Nf3+ 27.
Kg2 Ne1+ 1/2-1/2

[Event "Guernsey Open"]
[Site "Guernsey"]
[Date "2010.10.21"]
[Round "5"]
[White "Jouault, Louis"]
[Black "Bakker, Joop PA"]
[Result "1/2-1/2"]
[WhiteElo "1984"]
[BlackElo "2019"]
[PlyCount "39"]
[EventDate "2010.10.17"]
[SourceDate "2010.10.30"]

1. e4 d6 2. d4 Nf6 3. Nc3 e5 4. dxe5 dxe5 5. Qxd8+ Kxd8 6. Bg5 c6 7. Nf3 Nbd7
8. Bc4 Ke8 9. O-O Be7 10. Rad1 h6 11. Bh4 Nh5 12. Ne2 g5 13. Bg3 Nf4 14. h3 Bf6
15. Bxf4 exf4 16. c3 Ke7 17. Ned4 Ne5 18. Nxe5 Bxe5 19. Nf3 Bc7 20. Rfe1
1/2-1/2

[Event "Guernsey Open"]
[Site "Guernsey"]
[Date "2010.10.21"]
[Round "5"]
[White "Rowe, Peter"]
[Black "Dennis, Nigel W"]
[Result "1/2-1/2"]
[WhiteElo "2012"]
[BlackElo "1950"]
[PlyCount "74"]
[EventDate "2010.10.17"]
[SourceDate "2010.10.30"]

1. d4 Nf6 2. Nf3 g6 3. Bf4 Bg7 4. e3 d6 5. h3 O-O 6. Be2 b6 7. O-O Bb7 8. Nbd2
Nbd7 9. a4 a5 10. c3 Ne4 11. Qc2 Nxd2 12. Nxd2 e5 13. Bg3 f5 14. dxe5 Nxe5 15.
Bxe5 dxe5 16. Rad1 Qe7 17. Bc4+ Kh8 18. e4 Rad8 19. Kh1 Bh6 20. exf5 Bxd2 21.
Rxd2 Qg5 22. f4 exf4 23. Rxd8 Rxd8 24. Qe2 Qxf5 25. Kh2 Qg5 26. Rf2 Qg3+ 27.
Kg1 f3 28. Qe7 Qd6 29. Qxd6 Rxd6 30. gxf3 {(=)} Kg7 31. Kg2 Kh6 32. Kg3 Bc6 33.
b3 Rd1 34. Re2 Rc1 35. Re3 Bb7 36. Bg8 Kg7 37. Bc4 Kh6 1/2-1/2

[Event "Guernsey Open"]
[Site "Guernsey"]
[Date "2010.10.21"]
[Round "5"]
[White "Brookfield, Toby"]
[Black "Von Saldern, Ruediger"]
[Result "0-1"]
[WhiteElo "1782"]
[BlackElo "2012"]
[PlyCount "86"]
[EventDate "2010.10.17"]
[SourceDate "2010.10.30"]

1. e4 e5 2. f4 exf4 3. Bc4 Ne7 4. Nc3 Ng6 5. d4 Be7 6. Qh5 Bh4+ 7. Kf1 O-O 8.
Nf3 Be7 9. Nd5 Nc6 10. Nxe7+ Ncxe7 11. Ng5 h6 12. Nh3 d5 13. exd5 Qd6 14. Nf2
Bf5 15. c3 b5 16. Bb3 a5 17. Bd1 Qxd5 18. Bf3 Qc4+ 19. Be2 Qe6 20. Bxb5 Rab8
21. Bd3 Bxd3+ 22. Nxd3 Nd5 23. Kf2 Ne3 24. Re1 Qc4 25. Qe2 Qd5 26. Bxe3 fxe3+
27. Qxe3 Qb5 28. Kg1 a4 29. Qd2 Rbd8 30. Re2 Rd5 31. Rae1 Rfd8 32. Ne5 Nxe5 33.
Qc2 Nc4 34. b3 axb3 35. axb3 Na3 36. Qb2 Qa6 37. Re7 Qd6 38. Qf2 Rf8 39. Qe2
Rf5 40. Qe4 g6 41. c4 Rf4 42. Qb7 Qxd4+ 43. Kh1 Nc2 0-1

[Event "Guernsey Open"]
[Site "Guernsey"]
[Date "2010.10.21"]
[Round "5"]
[White "De Kruif, Kees"]
[Black "Knight, Tim R"]
[Result "1-0"]
[WhiteElo "2010"]
[BlackElo "1650"]
[PlyCount "88"]
[EventDate "2010.10.17"]
[SourceDate "2010.10.30"]

1. b4 c5 2. bxc5 e5 3. Bb2 Nc6 4. Nf3 Qc7 5. e3 Bxc5 6. Nc3 Nf6 7. Bc4 O-O 8.
O-O d6 9. Ng5 h6 10. Nge4 Nxe4 11. Nxe4 Bb6 12. f4 Ne7 13. Bb3 exf4 14. Rxf4 d5
15. Nf2 Be6 16. Qf3 Bc5 17. Rh4 f5 18. Nd3 Bd6 19. Rf1 Qc6 20. Nf4 Bf7 21. Qh3
Kh7 22. Bxg7 Kxg7 23. Rxh6 Rh8 24. Rh4 Rxh4 25. Qxh4 Rg8 26. Nh5+ Bxh5 27. Qxh5
Kf8 28. e4 Bc5+ 29. Kh1 Qg6 30. Qe2 Qg4 31. Qxg4 Rxg4 32. exd5 Kg7 33. h3 Re4
34. c3 Kg6 35. d3 Re3 36. d4 Bd6 37. c4 b6 38. Rc1 Rd3 39. c5 Bf4 40. Re1 Be3
41. d6 Nc6 42. d5 Nd8 43. c6 Rc3 44. c7 Nf7 1-0

[Event "Guernsey Open"]
[Site "Guernsey"]
[Date "2010.10.21"]
[Round "5"]
[White "Forbes, Garry"]
[Black "Williams, Peter D"]
[Result "1-0"]
[WhiteElo "1922"]
[BlackElo "1866"]
[PlyCount "25"]
[EventDate "2010.10.17"]
[SourceDate "2010.10.30"]

1. d4 d5 2. Nf3 Nf6 3. e3 Bg4 4. c4 e6 5. Qb3 Qc8 6. Nc3 dxc4 7. Bxc4 Bxf3 8.
gxf3 g6 9. d5 exd5 10. Nxd5 Nxd5 11. Bxd5 c6 12. Bxf7+ Ke7 13. Bd2 1-0

[Event "Guernsey Open"]
[Site "Guernsey"]
[Date "2010.10.21"]
[Round "5"]
[White "Van Randen, Fred"]
[Black "Smith, David WF"]
[Result "1/2-1/2"]
[WhiteElo "1951"]
[BlackElo "1726"]
[PlyCount "81"]
[EventDate "2010.10.17"]
[SourceDate "2010.10.30"]

1. e4 c6 2. d4 d5 3. Nc3 dxe4 4. Nxe4 Bf5 5. Ng3 Bg6 6. Nf3 Nd7 7. h4 h6 8. h5
Bh7 9. Bd3 Bxd3 10. Qxd3 e6 11. Bf4 Bb4+ 12. c3 Be7 13. O-O-O Ngf6 14. Kb1 Nd5
15. Bd2 Qc7 16. Ne2 b5 17. g3 a5 18. Nf4 Bd6 19. Nxd5 cxd5 20. Rh4 Qc4 21. Bf4
Qxd3+ 22. Rxd3 Bxf4 23. Rxf4 Nf6 24. Rh4 Ke7 25. Nd2 Rhc8 26. Re3 Kf8 27. f3
Rab8 28. a3 b4 29. axb4 axb4 30. Kc2 Rc7 31. Rh1 Rbc8 32. g4 Kg8 33. Ra1 Nd7
34. Ra6 Nb8 35. Ra4 bxc3 36. Rxc3 Rxc3+ 37. bxc3 Nd7 38. Ra7 Nf6 39. Nb3 Ne8
40. Nc5 Nd6 41. Kd3 1/2-1/2

[Event "Guernsey Open"]
[Site "Guernsey"]
[Date "2010.10.21"]
[Round "5"]
[White "Bridel, Jon"]
[Black "Dijksterhuis, Rolf"]
[Result "0-1"]
[WhiteElo "1653"]
[BlackElo "2008"]
[PlyCount "106"]
[EventDate "2010.10.17"]
[SourceDate "2010.10.30"]

1. b3 e5 2. Bb2 Nc6 3. c4 Nf6 4. e3 d5 5. cxd5 Nxd5 6. a3 Be7 7. Qc2 O-O 8. Nf3
Qd6 9. Bb5 Bf6 10. Nc3 Nxc3 11. Bxc3 a6 12. Bxc6 Qxc6 13. Rc1 Re8 14. d4 exd4
15. Bxd4 Qxc2 16. Rxc2 Bxd4 17. Nxd4 c6 18. O-O Bg4 19. h3 Bh5 20. g4 Bg6 21.
Rd2 Rad8 22. Rfd1 f6 23. Ne2 Rxd2 24. Rxd2 Re7 25. Nf4 Be4 26. Rd8+ Kf7 27. Nd3
Bxd3 28. Rxd3 Ke6 29. f4 Rd7 30. f5+ Ke7 31. Rd4 c5 32. Rxd7+ Kxd7 33. Kf2 Kd6
34. e4 b5 35. Ke3 Ke5 36. h4 c4 37. bxc4 bxc4 38. a4 a5 39. g5 c3 40. gxf6 gxf6
41. Kd3 c2 42. Kxc2 Kxe4 43. Kc3 Kxf5 44. Kc4 Kg4 45. Kb5 f5 46. Kxa5 f4 47.
Kb6 f3 48. a5 f2 49. a6 f1=Q 50. a7 Qa1 51. Kb7 Kxh4 52. a8=Q Qxa8+ 53. Kxa8
Kg4 0-1

[Event "Guernsey Open"]
[Site "Guernsey"]
[Date "2010.10.21"]
[Round "5"]
[White "Nicholson, John"]
[Black "Goris Schouwstra, Adry"]
[Result "0-1"]
[WhiteElo "1863"]
[BlackElo "1911"]
[PlyCount "28"]
[EventDate "2010.10.17"]
[SourceDate "2010.10.30"]

1. e4 e6 2. Nc3 c5 3. f4 Nc6 4. Nf3 d6 5. g3 Bd7 6. Bg2 Nge7 7. O-O g6 8. Re1
Bg7 9. Ne2 O-O 10. d4 cxd4 11. Nexd4 Nxd4 12. Nxd4 a6 13. Be3 Rc8 14. c3 {(=)}
e5 {In this position, White appears to have played 15.Nf2 (illegal move) and
both players played on presumably not noticing!?   The remaining moves were: 
15.Nf2 Bc6 16.Qd2 Qc7 17.Rad1 Rcd8 18.Qe2 d5 19.fe5 de4 20.Bxe4 Bxe5 21.Bxc6
Nxc6 22.Ng4 Bg7 23.Qf3 f5 24.Nf2 Nc5 25.Qe2 Qc6 (0-1, 25) (AFB)} 0-1

[Event "Guernsey Open"]
[Site "Guernsey"]
[Date "2010.10.21"]
[Round "5"]
[White "Warmerdam, Robert"]
[Black "Guttridge, David"]
[Result "1/2-1/2"]
[WhiteElo "1789"]
[BlackElo "1904"]
[PlyCount "37"]
[EventDate "2010.10.17"]
[SourceDate "2010.10.30"]

1. d4 e6 2. c4 f5 3. Nc3 Nf6 4. Nf3 d5 5. g3 c6 6. Bg2 Bd6 7. b3 O-O 8. O-O
Nbd7 9. Bb2 Ne4 10. Ne1 Ndf6 11. Nd3 Bd7 12. f3 Nxc3 13. Bxc3 Qe8 14. Qd2 Rd8
15. Rae1 Qg6 16. Nf4 Qh6 17. Nh3 Qg6 18. Nf4 Qh6 19. Nh3 1/2-1/2

[Event "Guernsey Open"]
[Site "Guernsey"]
[Date "2010.10.22"]
[Round "6"]
[White "Mack, Wolfgang"]
[Black "Hamperl, Fred A"]
[Result "1-0"]
[WhiteElo "2256"]
[BlackElo "2101"]
[PlyCount "67"]
[EventDate "2010.10.17"]
[SourceDate "2010.10.30"]

1. g3 c5 2. Bg2 Nc6 3. c4 g6 4. Nc3 Bg7 5. e3 e5 6. Nge2 Nge7 7. a3 O-O 8. Rb1
f5 9. d3 d6 10. b4 g5 11. b5 Nb8 12. f4 Nd7 13. fxg5 Ng6 14. h4 f4 15. Bd5+ Kh8
16. h5 Qxg5 17. Ne4 Qh6 18. g4 Bf6 19. g5 Bxg5 20. Nxg5 Qxg5 21. hxg6 Nf6 22.
exf4 Qxg6 23. Bf3 Bg4 24. Nc3 Rae8 25. Kf2 Bxf3 26. Qxf3 Ng4+ 27. Ke2 exf4+ 28.
Ne4 Ne5 29. Bb2 Rf6 30. Rbg1 Qf5 31. Rg5 Qxg5 32. Nxg5 Nxc4+ 33. Kf1 Nxb2 34.
Qxb7 1-0

[Event "Guernsey Open"]
[Site "Guernsey"]
[Date "2010.10.22"]
[Round "6"]
[White "Sveshnikov, Vladimir"]
[Black "Pleasants, Allan J"]
[Result "1-0"]
[WhiteElo "2374"]
[BlackElo "2048"]
[PlyCount "199"]
[EventDate "2010.10.17"]
[SourceDate "2010.10.30"]

1. e4 c5 2. c3 d5 3. exd5 Qxd5 4. d4 cxd4 5. cxd4 Nc6 6. Nf3 e5 7. Nc3 Bb4 8.
Bd2 Bxc3 9. Bxc3 e4 10. Ne5 Nxe5 11. dxe5 Ne7 12. Qe2 O-O 13. Rd1 Qxa2 14. Bb4
Qe6 15. Qxe4 Re8 16. Bb5 Nc6 17. O-O Qg6 18. Qxg6 hxg6 19. Bd6 Be6 20. f4 Rec8
21. Be2 a5 22. Bf3 Ra6 23. g4 Rb6 24. f5 gxf5 25. gxf5 Ba2 26. Rd2 Re8 27. e6
Rb5 28. Bh5 Nd8 29. Bc7 Nxe6 30. Bxf7+ Kxf7 31. fxe6+ Kg8 32. Ra1 Rg5+ 33. Rg2
Rxg2+ 34. Kxg2 Bd5+ {(=)} 35. Kf2 Rxe6 36. Rxa5 Bh1 37. b4 Kf7 38. b5 Bd5 39.
b6 Bc6 40. Rc5 Bh1 41. Kg3 Bc6 42. Kf4 Rf6+ 43. Ke5 Rh6 44. Rc2 Rh5+ 45. Kd4
Rh4+ 46. Ke3 Rh3+ 47. Kf4 Rh4+ 48. Kg5 Rh6 49. Be5 Rg6+ 50. Kf4 Re6 51. h4 g6
52. Rc5 Ba4 53. Rc7+ Re7 54. Rc4 Bb3 55. Rc5 Rd7 56. Rc8 Ke6 57. Bc7 Rh7 58.
Kg3 Kf5 59. Rb8 Bd5 60. Rd8 Bc6 61. Rf8+ Ke6 62. Rg8 Kf7 63. Rd8 Rh5 64. Rd6
Rc5 65. Rd4 Rc2 66. Bd8 Ke6 {(=)} 67. Rf4 Rg2+ 68. Kh3 Kd7 69. Bc7 Ke6 70. Rd4
Rc2 71. Kg4 Rg2+ 72. Kf4 Rf2+ 73. Kg5 Rg2+ 74. Kh6 Bd5 75. Kg7 Rg1 76. Rf4 Kd7
77. Rf6 Be4 78. Rf4 Bf5 79. Kf6 Rh1 80. Rc4 Rf1 81. Bf4 Bd3 82. Rc7+ Ke8 83.
Kg5 Rg1+ 84. Kh6 Be4 85. Bg5 Re1 86. Rg7 Bc6 87. Rg8+ Kd7 88. Rd8+ Ke6 89. Kxg6
Rb1 90. Be3 Rb3 91. Bf2 Rb2 92. Rf8 Be4+ 93. Kg7 Rd2 94. Rf6+ Ke7 95. Rf4 Bc6
96. h5 Rd5 97. Bh4+ Kd6 98. h6 Ke5 99. Bg3 Rd3 100. Rf3+ 1-0

[Event "Guernsey Open"]
[Site "Guernsey"]
[Date "2010.10.22"]
[Round "6"]
[White "Pickersgill, Adrian O"]
[Black "Havenaar, Jan"]
[Result "0-1"]
[WhiteElo "2030"]
[BlackElo "2193"]
[PlyCount "70"]
[EventDate "2010.10.17"]
[SourceDate "2010.10.30"]

1. e4 g6 2. d4 Bg7 3. Nc3 d6 4. Be3 a6 5. Qd2 Nd7 6. Nf3 b5 7. Bd3 Bb7 8. a4 b4
9. Ne2 c5 10. c3 bxc3 11. bxc3 Qc7 12. Ng3 h5 13. h4 Nh6 14. O-O Ng4 15. Ng5
O-O 16. Ra2 e5 17. Be2 Ndf6 18. d5 Bc8 19. c4 Bd7 20. a5 Rab8 21. Qd3 Nxe3 22.
fxe3 Nh7 23. Bxh5 Nxg5 24. hxg5 Qd8 25. Bd1 Qxg5 26. Nh1 f5 27. exf5 gxf5 28.
Nf2 Bh6 29. Re2 Rf7 30. Nh3 Qh4 31. Kh2 Rg7 32. Ref2 Qg3+ 33. Kh1 f4 34. Qe2
Bg4 35. Qc2 Bxh3 0-1

[Event "Guernsey Open"]
[Site "Guernsey"]
[Date "2010.10.22"]
[Round "6"]
[White "Spanton, Timothy R"]
[Black "Norman, Kenneth I"]
[Result "0-1"]
[WhiteElo "2020"]
[BlackElo "2168"]
[PlyCount "92"]
[EventDate "2010.10.17"]
[SourceDate "2010.10.30"]

1. e4 e5 2. Nc3 Nf6 3. Nf3 Nc6 4. Bb5 d6 5. d4 Bd7 6. O-O Be7 7. Re1 Nxd4 8.
Bxd7+ Nxd7 9. Nxd4 exd4 10. Qxd4 Bf6 11. Qd2 O-O 12. Nd5 Re8 13. Nxf6+ Qxf6 14.
Qg5 Qxg5 15. Bxg5 Re6 16. f3 Rae8 17. Kf1 f6 18. Bf4 Nf8 19. Rad1 g5 20. Bg3
Ng6 21. Rd3 h5 22. h3 h4 23. Bf2 a5 24. a4 Nf4 25. Rd2 Kf7 26. Red1 R8e7 27.
Be3 Nh5 28. Bf2 b6 29. Rd5 Nf4 30. R5d2 Kg6 31. Be3 Nh5 32. Bf2 f5 33. exf5+
Kxf5 34. Re1 Rxe1+ 35. Bxe1 Nf4 36. Bf2 d5 37. Bg1 c5 38. Bh2 d4 39. Bxf4 gxf4
40. Kf2 Re3 41. b3 Ke5 42. Re2 Kd5 43. c4+ dxc3 44. Rxe3 fxe3+ 45. Kxe3 c4 46.
g4 hxg3 0-1

[Event "Guernsey Open"]
[Site "Guernsey"]
[Date "2010.10.22"]
[Round "6"]
[White "Lenier, Jude"]
[Black "Heppell, Ian N"]
[Result "1-0"]
[WhiteElo "1963"]
[BlackElo "2126"]
[PlyCount "85"]
[EventDate "2010.10.17"]
[SourceDate "2010.10.30"]

1. e4 e5 2. Nf3 d6 3. Bc4 Be7 4. Nc3 Nf6 5. d4 exd4 6. Nxd4 O-O 7. Bb3 Na6 8.
f3 Nc5 9. Be3 Nxb3 10. Nxb3 c6 11. g4 Re8 12. Qe2 b5 13. g5 Nd7 14. f4 Nb6 15.
O-O-O b4 16. Nb1 Qc7 17. h4 c5 18. h5 Bb7 19. Qg2 Nc4 20. Qe2 Nxe3 21. Qxe3 Bf8
22. N3d2 d5 23. g6 h6 24. f5 f6 25. Rh4 Rad8 26. Re1 c4 27. c3 Bc5 28. Qe2 Kh8
29. Qf1 bxc3 30. Nxc3 d4 31. Nd5 Bxd5 32. exd5 c3 33. Nb3 d3 34. bxc3 Qg3 35.
Rhe4 Ba3+ 36. Kd1 Rxe4 37. Rxe4 Qh2 38. Qxd3 Qxh5+ 39. Re2 Qh1+ 40. Kc2 Bd6 41.
Re6 Qg2+ 42. Nd2 Be5 43. Qb5 1-0

[Event "Guernsey Open"]
[Site "Guernsey"]
[Date "2010.10.22"]
[Round "6"]
[White "Gravett, Alan D"]
[Black "Bolt, Graham"]
[Result "0-1"]
[WhiteElo "1913"]
[BlackElo "2062"]
[PlyCount "68"]
[EventDate "2010.10.17"]
[SourceDate "2010.10.30"]

1. g3 g6 2. Bg2 Bg7 3. d4 d6 4. e4 a6 5. a4 Nd7 6. Ne2 c5 7. O-O cxd4 8. Nxd4
Ngf6 9. Nc3 O-O 10. a5 Nc5 11. h3 Rb8 12. Kh2 Ne6 13. Be3 Qc7 14. Nde2 Bd7 15.
f4 Bc6 16. Nd4 Nxd4 17. Bxd4 Rbc8 18. Rf2 Qd7 19. Qd2 h5 20. Rd1 Qe6 21. f5 Qd7
22. fxg6 fxg6 23. Qg5 Kh7 24. Qe3 Qe6 25. Nd5 Nxd5 26. exd5 Qxe3 27. Bxe3 Rxf2
28. Bxf2 Ba4 29. Be4 Be5 30. Rc1 h4 31. c3 Bb3 32. Rg1 Rc4 33. Bd3 Ra4 34. Be1
Bxd5 0-1

[Event "Guernsey Open"]
[Site "Guernsey"]
[Date "2010.10.22"]
[Round "6"]
[White "Collier, David O"]
[Black "Goris, Ton"]
[Result "1/2-1/2"]
[WhiteElo "2115"]
[BlackElo "2044"]
[PlyCount "55"]
[EventDate "2010.10.17"]
[SourceDate "2010.10.30"]

1. d4 e6 2. c4 c5 3. Nf3 cxd4 4. Nxd4 Nc6 5. a3 Nf6 6. Nc3 Be7 7. Nf3 O-O 8. e4
d6 9. Be2 a6 10. O-O Qc7 11. Bf4 Rd8 12. Rc1 Nd7 13. Nd5 exd5 14. cxd5 Qb6 15.
dxc6 bxc6 16. Qc2 Bb7 17. Rfd1 Nf6 18. Bd3 h6 19. e5 Nd5 20. Bg3 dxe5 21. Nxe5
Bg5 22. Bh7+ Kf8 23. Qf5 Nf6 24. Rd7 Rxd7 25. Nxd7+ Nxd7 26. Qxd7 Qd8 27. Bd6+
Be7 28. Bxe7+ 1/2-1/2

[Event "Guernsey Open"]
[Site "Guernsey"]
[Date "2010.10.22"]
[Round "6"]
[White "Von Saldern, Ruediger"]
[Black "Goater, Kevin"]
[Result "0-1"]
[WhiteElo "2012"]
[BlackElo "2154"]
[PlyCount "96"]
[EventDate "2010.10.17"]
[SourceDate "2010.10.30"]

1. d4 g6 2. c4 Bg7 3. Nc3 d6 4. Nf3 c6 5. e3 Nf6 6. Bd3 a6 7. a4 a5 8. O-O Na6
9. Bd2 O-O 10. Ne4 e5 11. dxe5 dxe5 12. Bc3 Nxe4 13. Bxe4 Qc7 14. Qe2 Bg4 15.
h3 Bxf3 16. Qxf3 f5 17. Bc2 e4 18. Qe2 Bxc3 19. bxc3 Qe5 20. Rac1 Nc5 21. Rfd1
Rf7 22. Rd4 Ne6 23. Bb3 Nc5 24. Bc2 Raf8 25. Rcd1 Kg7 26. R1d2 h5 27. Qd1 Re7
28. Qe1 Rff7 29. g3 Ne6 30. h4 Nxd4 31. cxd4 Qf6 32. c5 g5 33. Bb3 Rf8 34. hxg5
Qxg5 35. d5 cxd5 36. Rxd5 h4 37. Qc3+ Kh7 38. Kg2 Rg7 39. Qe1 Rd8 40. Rd6 Rxd6
41. cxd6 Qg6 42. Qh1 Qxd6 43. Qxh4+ Kg6 44. Qh1 Rh7 45. Qb1 Kg5 46. Bc4 Qh6 47.
f4+ exf3+ 48. Kf2 Kg4 0-1

[Event "Guernsey Open"]
[Site "Guernsey"]
[Date "2010.10.22"]
[Round "6"]
[White "De Kruif, Kees"]
[Black "Casiot, David J"]
[Result "0-1"]
[WhiteElo "2010"]
[BlackElo "2130"]
[PlyCount "132"]
[EventDate "2010.10.17"]
[SourceDate "2010.10.30"]

1. b4 Nf6 2. Bb2 d5 3. e3 Bf5 4. Nf3 e6 5. b5 Be7 6. Nh4 Nbd7 7. Nxf5 exf5 8.
Be2 O-O 9. O-O c5 10. c4 Nb6 11. d3 Qc7 12. Qc2 Ng4 13. g3 Rad8 14. h3 Nxe3 15.
fxe3 Qxg3+ 16. Kh1 Qxh3+ 17. Kg1 Qxe3+ 18. Kh1 d4 19. Bf3 Qh6+ 20. Qh2 Qxh2+
21. Kxh2 Bd6+ 22. Kg2 Rd7 23. a4 Nc8 24. Nd2 g6 25. Rae1 Kg7 26. Bc1 Ne7 27.
Nb3 b6 28. a5 h5 29. a6 h4 30. Bg5 f6 31. Bxh4 g5 32. Bg3 f4 33. Bf2 Ng6 34.
Bc6 Re7 35. Rxe7+ Nxe7 36. Bb7 Nf5 37. Rh1 Ne3+ 38. Kg1 f5 39. Nd2 g4 40. Bh4
Kg6 41. Be1 Nc2 42. Kf2 Nb4 43. Ke2 Re8+ 44. Ne4 fxe4 45. Bxe4+ Rxe4+ 46. dxe4
f3+ 47. Kf1 Nd3 48. Rh8 Nxe1 49. Kxe1 Bg3+ 50. Kf1 Kg5 51. Ra8 Kf4 52. Rxa7 Ke3
53. e5 d3 54. Rd7 Bh2 55. Rxd3+ Kxd3 56. Kf2 Bg1+ 57. Kxg1 Ke2 58. a7 f2+ 59.
Kh2 f1=Q 60. a8=Q Qf4+ 61. Kg1 Qe3+ 62. Kh2 Qf4+ 63. Kg1 Qe3+ 64. Kh2 Qxe5+ 65.
Kg1 Qg3+ 66. Kh1 Qf3+ 0-1